| 000 | 01612nam0a22003011 4500 | ||
|---|---|---|---|
| 001 | rc\14029 | ||
| 005 | 20260407110813.0 | ||
| 035 | _a(NLR Aleph) 005302540 | ||
| 090 |
_a6303786 _c6303786 |
||
| 100 | _a20021204d1992 |||y0rusy50 ca | ||
| 101 | 0 | _arus | |
| 102 | _aRU | ||
| 105 | _ay ||||||||| | ||
| 200 | 1 |
_aАЛЮМИНИЙ и его соединения _e(Алюминий сульфат) _fПрограмма ООН по окружающей среде (ЮНЕП), Междунар. регистр потенциал. токсич. хим. веществ, М-во охраны окружающей среды и природ. ресурсов РФ _g[А.М. Бейм, Е.А. Зоммер _gНауч. ред. О.Ф. Филенко] |
|
| 210 |
_aМ. _cЦентр междунар. проектов _d1992 |
||
| 215 |
_a21 с. _d20 |
||
| 225 | 1 |
_aСерия "Научные обзоры советской литературы по токсичности и опасности химических веществ" _iЭкологические аспекты _v127 |
|
| 320 | _aБиблиогр.: с. 17-19 | ||
| 702 | 1 |
_aБейм _bА.М. _gАльберт Максимович _4220 |
|
| 702 | 1 |
_aФиленко _bО.Ф. _gОлег Федорович _4340 |
|
| 712 | 0 | 2 |
_4570 _aМеждународный регистр потенциально токсичных химических веществ _cЖенева _3RU\NLR\AUTH\8810062700 _9626949 |
| 801 | 0 |
_aRU _bNLR _gpsbo |
|
| 801 | 1 |
_aRU _bELAR _2rusmarc |
|
| 852 |
_aNLR _j93-4/814 |
||
| 852 |
_aNLR _j92-4/7901 |
||
| 942 | _cBOOK | ||
| 980 | _aNB | ||